000 00348pam a2200157a 44500
008 230515b1984 xxu||||| |||| 00| 0 eng d
020 _aNULL
041 _aENGL
082 _aNULL
100 _a"DGESIC,"
245 _aEMPLOYMENTS GUIDE
250 _a0
260 _aNEW DELHI
_bDGESIC
_c1984
300 _aNULL
650 _a"EMPLOYMENT ,GUIDE"
999 _c538494
_d538494